[Event "East Asia-ch U14/18 Girls 3rd"]
[Site "Shanghai"]
[Date "2018.08.06"]
[Round "7.3"]
[White "Guo, Shuo"]
[Black "Elisabeth, Christine"]
[Result "1/2-1/2"]
[WhiteElo "1916"]
[BlackElo "1789"]
[PlyCount "44"]
[EventDate "2018.08.02"]
[EventType "swiss"]
[EventRounds "9"]
[EventCountry "CHN"]
[SourceTitle "EXT 2022"]
[Source "ChessBase"]
[SourceDate "2021.10.06"]
[SourceVersion "1"]
[SourceVersionDate "2021.10.06"]
[SourceQuality "1"]

1. e4 e5 2. Nf3 Nc6 3. Bb5 a6 4. Ba4 Nf6 5. 0-0 b5 6. Bb3 Bc5 7. d3 Bb6 8. c3 d6 9. Re1 h6 10. Nbd2 Ng4 11. Re2 Ne7 12. h3 Nf6 13. Nf1 Ng6 14. d4 0-0 15. Ng3 c5 16. Be3 Re8 17. Rd2 cxd4 18. cxd4 Ba5 19. Rc2 Bb7 20. d5 Bb6 21. Qd2 Bxe3 22. Qxe3 Qd7 1/2-1/2